[Event "Olimpiade 2024 - Donne"]
[Site "Budapest"]
[Date "20.09.2024"]
[Round "9.40"]
[Board "2"]
[White "De la Riva Real, Ariadna"]
[Black "Caku, Kler"]
[Result "0-1"]
[BlackTitle "WCM"]
[WhiteElo "1823"]
[BlackElo "1859"]
[WhiteTeam "Andorra"]
[BlackTeam "Albania"]
[WhiteFideId "6901018"]
[BlackFideId "4704703"]
[EventDate "2024.09.11"]

1. e4 e5 2. Nf3 Nc6 3. Nc3 Nf6 4. d4 exd4 5. Nxd4 Bb4 6. Nxc6 bxc6 7. Bd3 d5 8.
exd5 cxd5 9. O-O O-O 10. h3 c6 11. Qf3 Bd6 12. Ne2 Be5 13. Rb1 Rb8 14. b3 Re8
15. Bf4 Qd6 16. Rfe1 Bd7 17. Bxe5 Rxe5 18. Nc3 Rbe8 19. Rxe5 Qxe5 20. Na4 g6 21.
Nc5 Qc3 22. Na4 Qe5 23. Nc5 Bc8 24. b4 Kg7 25. Qg3 Qxg3 26. fxg3 d4 27. Kf2 Nd5
28. a3 Bf5 29. Re1 Re3 30. Bxf5 gxf5 31. Nb3 Rc3 32. Nxd4 Rxa3 33. Nxc6 Rc3 34.
Nd4 Nxb4 35. Nxf5+ Kf6 36. Ne3 Kg6 37. Re2 a5 38. Ke1 Rxe3 39. Rxe3 Nxc2+ 40.
Kd2 Nxe3 41. Kxe3 a4 42. Kd3 Kf5 43. Kc3 Ke4 44. Kb4 Ke3 45. Kxa4 Kf2 46. h4
Kxg3 47. h5 Kxg2 48. Kb3 f5 49. Kc4 f4 50. Kd5 f3 51. Ke6 f2 52. Kf7 f1=Q+ 53.
Kg7 Qf5 54. h6 Qg6+ 0-1

[Event "Olimpiade 2024 - Donne"]
[Site "Budapest"]
[Date "20.09.2024"]
[Round "9.40"]
[Board "3"]
[White "Shabanaj, Eglantina"]
[Black "Muratet Carmona, Julia"]
[Result "1/2-1/2"]
[WhiteTitle "WCM"]
[WhiteElo "1957"]
[BlackElo "1816"]
[WhiteTeam "Albania"]
[BlackTeam "Andorra"]
[WhiteFideId "4700562"]
[BlackFideId "2204282"]
[EventDate "2024.09.11"]

1. c4 e6 2. Nc3 Nf6 3. Nf3 d5 4. d4 Be7 5. g3 O-O 6. Bg2 c5 7. cxd5 Nxd5 8. e4
cxd4 9. Qxd4 Nc6 10. Qd2 Nxc3 11. bxc3 Qxd2+ 12. Bxd2 e5 13. O-O Be6 14. Rfb1
Rab8 15. Bf1 f6 16. Be3 b6 17. Bb5 Na5 18. Ba6 Nc4 19. Bxc4 Bxc4 20. Nd2 Bd3 21.
Rb3 Rbc8 22. Rc1 f5 23. exf5 Bxf5 24. c4 Be6 25. a4 Rfd8 26. Rb5 Bd7 27. Rxe5
Bf6 28. Rd5 Bxa4 29. Rxd8+ Rxd8 30. Ne4 Bb2 31. Re1 Bc6 32. Bf4 Re8 33. f3 Bd4+
34. Kg2 a5 35. Rd1 Bxe4 36. Rxd4 Bc6 37. Kf2 Re6 38. Rd8+ Be8 39. Rb8 Kf7 40.
Bc7 Rc6 41. Bxb6 Rxc4 42. Rb7+ Kf8 43. Bxa5 Rc2+ 44. Kg1 h6 45. h4 h5 46. Bb4+
Kg8 47. Bd6 Re2 48. Kf1 Re6 49. Bc5 Bc6 50. Rb8+ Kf7 51. f4 Re8 52. Rb6 Bd5 53.
Kf2 Re6 54. Rb5 Bc6 55. Ra5 g6 56. Bd4 Be4 57. Be5 Bf5 58. Ke3 Rb6 59. Ra3 Ke6
60. Kd4 Rc6 61. Ra8 Rc2 62. Ra6+ Ke7 63. Kd5 Rd2+ 64. Bd4 Re2 65. Ra7+ Bd7 66.
Bc5+ Ke8 67. Ra8+ Kf7 68. Kd6 Rd2+ 69. Ke5 Re2+ 70. Kd4 Rd2+ 71. Ke5 Re2+ 72.
Kd5 Rd2+ 73. Bd4 Bc6+ 74. Kxc6 Rxd4 75. Ra3 Kf6 76. Re3 Rd1 77. Kc5 Rd2 78. Kc4
Kf5 79. Re5+ Kf6 80. Rg5 Rd1 81. Kc3 Rd8 82. Kc2 Rd7 83. Ra5 Rd6 84. Rg5 Rd7 1/2-1/2

[Event "Olimpiade 2024 - Donne"]
[Site "Budapest"]
[Date "20.09.2024"]
[Round "9.40"]
[Board "4"]
[White "Real Puigdollers, Silvia"]
[Black "Omeri, Eklea"]
[Result "0-1"]
[WhiteTitle "WCM"]
[BlackTitle "WCM"]
[WhiteElo "1781"]
[BlackElo "1962"]
[WhiteTeam "Andorra"]
[BlackTeam "Albania"]
[WhiteFideId "6901336"]
[BlackFideId "4703804"]
[EventDate "2024.09.11"]

1. Nf3 c5 2. g3 Nc6 3. Bg2 g6 4. O-O Bg7 5. d3 e5 6. e4 d6 7. c3 Nge7 8. Nbd2 h6
9. a4 Be6 10. Nc4 O-O 11. Ne3 d5 12. Qe2 d4 13. Nc4 a6 14. Rd1 b5 15. axb5 axb5
16. Rxa8 Qxa8 17. Ncd2 Rd8 18. h3 Qc8 19. Kh2 Qd7 20. c4 bxc4 21. Nxc4 Bxc4 22.
dxc4 f5 23. Ne1 Nb4 24. Nd3 Nxd3 25. Qxd3 Rf8 26. exf5 Qxf5 27. Qxf5 gxf5 28. b3
Rb8 29. Ba3 Rc8 30. Bf1 Kf7 31. Kg1 e4 32. b4 Ra8 33. Bb2 cxb4 34. Bxd4 Rd8 35.
Bxg7 Rxd1 36. Bb2 Rd2 37. Be5 b3 38. c5 b2 39. Bc4+ Ke8 0-1

[Event "Olimpiade 2024 - Donne"]
[Site "Budapest"]
[Date "20.09.2024"]
[Round "9.41"]
[Board "1"]
[White "Hamouri, Taqwa"]
[Black "Varela La Madrid, Tilsia Carolina"]
[Result "0-1"]
[WhiteTitle "WCM"]
[BlackTitle "WIM"]
[WhiteElo "1845"]
[BlackElo "2017"]
[WhiteTeam "Palestine"]
[BlackTeam "Venezuela"]
[WhiteFideId "11506792"]
[BlackFideId "3903001"]
[EventDate "2024.09.11"]

1. e4 e5 2. Nf3 Nc6 3. Bc4 Bc5 4. c3 Nf6 5. d3 a6 6. a4 Ba7 7. h3 h6 8. Nbd2 d6
9. Bb3 g5 10. Nf1 g4 11. hxg4 Nxg4 12. Ne3 Nxe3 13. fxe3 Qe7 14. Nh4 Qg5 15. Qf3
Be6 16. Bc2 O-O-O 17. d4 Rdf8 18. Nf5 Bxf5 19. exf5 exd4 20. cxd4 Re8 21. Kf1
Kb8 22. Be4 Nxd4 23. exd4 Qe7 24. Rxh6 Rxh6 25. Bxh6 Qxe4 26. Qxe4 Rxe4 27. Rd1
Bxd4 28. Bc1 c5 29. Rd3 Kc7 30. b3 Kc6 31. Rh3 Be5 32. Kf2 b5 33. Kf3 Rb4 34.
axb5+ axb5 35. Ke2 c4 36. bxc4 Rxc4 37. Bd2 b4 38. Kd3 Rg4 39. Rf3 b3 40. Rf1
Rxg2 41. Rb1 b2 42. Bb4 Kb5 43. Bd2 Ka4 44. Re1 Kb3 0-1

[Event "Olimpiade 2024 - Donne"]
[Site "Budapest"]
[Date "20.09.2024"]
[Round "9.41"]
[Board "2"]
[White "Rovira Contreras, Tairu Manuela"]
[Black "Faqeeh, Yara"]
[Result "1-0"]
[WhiteTitle "WIM"]
[BlackTitle "WCM"]
[WhiteElo "2022"]
[BlackElo "1671"]
[WhiteTeam "Venezuela"]
[BlackTeam "Palestine"]
[WhiteFideId "3900533"]
[BlackFideId "11501642"]
[EventDate "2024.09.11"]

1. d4 Nf6 2. c4 g6 3. Nc3 Bg7 4. e4 d6 5. Be2 O-O 6. Be3 Nbd7 7. g4 e5 8. d5 Nc5
9. f3 a5 10. h4 h5 11. Bg5 hxg4 12. fxg4 Qe8 13. Bxf6 Bxf6 14. g5 Bh8 15. h5 Qe7
16. Qd2 Bd7 17. O-O-O Be8 18. Nf3 a4 19. Rdg1 c6 20. Bf1 Rb8 21. Kb1 b5 22. Qh2
Bg7 23. h6 Bxh6 24. gxh6 Qf6 25. h7+ Kh8 26. Qh6 Bd7 27. Nh4 Qg7 28. Qe3 b4 29.
Nd1 cxd5 30. cxd5 Rbc8 31. Nf2 Qf6 32. Nd3 b3 33. a3 Rc7 34. Nxc5 dxc5 35. Bc4
Rb8 36. Rf1 Qd8 37. Rxf7 Be8 38. Nxg6# 1-0

[Event "Olimpiade 2024 - Donne"]
[Site "Budapest"]
[Date "20.09.2024"]
[Round "9.41"]
[Board "3"]
[White "Natsheh, Wajd"]
[Black "Otazo Sanchez, Annyd Gabriela"]
[Result "0-1"]
[BlackTitle "WFM"]
[WhiteElo "1739"]
[BlackElo "1976"]
[WhiteTeam "Palestine"]
[BlackTeam "Venezuela"]
[WhiteFideId "11507748"]
[BlackFideId "3901050"]
[EventDate "2024.09.11"]

1. d4 Nf6 2. Bg5 d5 3. Nc3 Nbd7 4. e4 dxe4 5. f3 exf3 6. Nxf3 e6 7. Bc4 Be7 8.
Qe2 O-O 9. O-O h6 10. Bh4 c6 11. Rae1 b5 12. Bd3 Bb7 13. Ne4 a6 14. Nxf6+ Nxf6
15. Bxf6 Bxf6 16. Qe4 g6 17. h4 Qd5 18. Qf4 Bg7 19. Ne5 c5 20. Qg3 Qxd4+ 21. Kh1
c4 22. Rxf7 Rxf7 23. Qxg6 Qxh4+ 0-1

[Event "Olimpiade 2024 - Donne"]
[Site "Budapest"]
[Date "20.09.2024"]
[Round "9.42"]
[Board "1"]
[White "Widjayanti, Lindri Juni"]
[Black "Park, Sunwoo"]
[Result "0-1"]
[WhiteTitle "WIM"]
[BlackTitle "WFM"]
[WhiteElo "2155"]
[BlackElo "1877"]
[WhiteTeam "Indonesia"]
[BlackTeam "South Korea"]
[WhiteFideId "7100361"]
[BlackFideId "13203320"]
[EventDate "2024.09.11"]

1. e4 c5 2. Nf3 Nc6 3. d4 cxd4 4. Nxd4 Nf6 5. Nc3 e5 6. Ndb5 d6 7. Bg5 a6 8.
Bxf6 gxf6 9. Na3 b5 10. Nd5 f5 11. Bd3 Be6 12. Qh5 Bg7 13. c3 b4 14. Nxb4 Nxb4
15. cxb4 fxe4 16. Bxe4 d5 17. Bf5 Bxf5 18. Qxf5 Qh4 19. O-O-O Qxb4 20. Rxd5 O-O
21. Rd3 e4 22. Rb3 Rac8+ 23. Kb1 Qd4 24. Nc2 Qa4 25. Re1 Rfd8 26. Qf4 Rd3 27.
Qg4 Rdd8 28. Qe2 Rb8 29. Qe3 Rdc8 30. Qxe4 Qa5 31. Rd1 Rxb3 32. axb3 Qc5 33. Rd2
a5 34. g4 Bxb2 35. Qc4 Qxc4 36. bxc4 Bc3 37. Re2 Rxc4 38. h3 Bf6 39. Ka2 Rf4 40.
Kb3 Bh4 41. Ne3 Rxf2 42. Rxf2 Bxf2 43. Nf5 f6 44. Ka4 Be1 45. Kb5 Kf7 46. Kc4
Kg6 47. Nd4 Bb4 48. Nf3 h6 49. Kd3 0-1

[Event "Olimpiade 2024 - Donne"]
[Site "Budapest"]
[Date "20.09.2024"]
[Round "9.42"]
[Board "2"]
[White "Khan, Anastasia"]
[Black "Nugroho, Angel Ruth"]
[Result "1-0"]
[WhiteElo "1859"]
[BlackElo "1939"]
[WhiteTeam "South Korea"]
[BlackTeam "Indonesia"]
[WhiteFideId "24173860"]
[BlackFideId "7111975"]
[EventDate "2024.09.11"]

1. d4 d5 2. Bf4 c5 3. e3 Nc6 4. Nc3 cxd4 5. exd4 a6 6. Nf3 Bg4 7. h3 Bh5 8. Qd2
e6 9. O-O-O Bb4 10. a3 Ba5 11. Re1 Rc8 12. Re3 Nf6 13. Bg5 Qc7 14. Bxf6 gxf6 15.
Kb1 Kd8 16. g4 Bg6 17. Bd3 b5 18. Bxg6 hxg6 19. Qe2 Qf4 20. Qd3 g5 21. Ne2 Qb8
22. Nc1 Qb7 23. Nb3 Bc7 24. Nc5 Qb6 25. Nxe6+ fxe6 26. Rxe6 Bf4 27. Qf5 Kc7 28.
Qxf6 Kb8 29. Ne5 Bxe5 30. Rxe5 Qxd4 31. Qd6+ Rc7 32. Rxd5 Qxf2 33. Rxg5 Rxh3 34.
Rxh3 Qf1+ 35. Ka2 Qxh3 36. Rg7 Nb4+ 37. axb4 1-0

[Event "Olimpiade 2024 - Donne"]
[Site "Budapest"]
[Date "20.09.2024"]
[Round "9.42"]
[Board "3"]
[White "Yuliana, Evi"]
[Black "Kang, Sohyun"]
[Result "0-1"]
[BlackTitle "WCM"]
[WhiteElo "1912"]
[BlackElo "1726"]
[WhiteTeam "Indonesia"]
[BlackTeam "South Korea"]
[WhiteFideId "7110294"]
[BlackFideId "13205706"]
[EventDate "2024.09.11"]

1. d4 d5 2. c4 c6 3. Nc3 Nf6 4. Nf3 e6 5. Bg5 dxc4 6. e4 b5 7. e5 h6 8. Bh4 g5
9. Nxg5 hxg5 10. Bxg5 Nbd7 11. exf6 Bb7 12. Be2 Qb6 13. a4 O-O-O 14. axb5 cxb5
15. Bf3 Ne5 16. Bxb7+ Qxb7 17. O-O Rg8 18. h4 Bc5 19. Qe2 Bxd4 20. Qe4 b4 21.
Qxb7+ Kxb7 22. Na4 Nd3 23. Be3 Bxe3 24. fxe3 Rg4 25. Rad1 Rdg8 26. Rd2 Rxh4 27.
Rxd3 cxd3 28. Nc5+ Kb6 29. Nxd3 Rg5 30. Nf4 Rf5 31. g3 Rg4 32. Kg2 Rg8 33. e4
Rc5 34. Nd3 Rc2+ 35. Kf3 Rg6 36. e5 Rg5 37. Rd1 Rc4 38. Re1 Rd4 39. Ke3 Rdg4 40.
Kd2 Rxg3 41. Nxb4 Rb3 42. Nd3 Rg2+ 43. Re2 Rxe2+ 44. Kxe2 Kc6 45. Kd2 Kd5 46.
Kc2 Rxd3 0-1

[Event "Olimpiade 2024 - Donne"]
[Site "Budapest"]
[Date "20.09.2024"]
[Round "9.42"]
[Board "4"]
[White "Cho, Yeonhee"]
[Black "Adeline, Clementia"]
[Result "0-1"]
[WhiteTitle "WCM"]
[WhiteElo "1696"]
[BlackElo "1550"]
[WhiteTeam "South Korea"]
[BlackTeam "Indonesia"]
[WhiteFideId "13201190"]
[BlackFideId "7132085"]
[EventDate "2024.09.11"]

1. e4 c5 2. Nf3 d6 3. Bb5+ Bd7 4. Bxd7+ Qxd7 5. c4 Nc6 6. Nc3 g6 7. d4 cxd4 8.
Nxd4 Bg7 9. Be3 Nf6 10. h3 O-O 11. O-O Rfc8 12. b3 Nxd4 13. Bxd4 Rc6 14. f4 Rd8
15. Rc1 a6 16. a4 e6 17. Qd3 Qc7 18. Rfd1 Nh5 19. Bxg7 Nxg7 20. Qf3 Qb6+ 21. Qf2
Qxb3 22. c5 Rdc8 23. Ne2 Rxc5 24. Qe1 Qe3+ 25. Kh2 Rxc1 26. Rxc1 Rxc1 27. Qxc1
Qxc1 28. Nxc1 Kf8 29. Kg3 Ke7 30. Kf3 Ne8 31. Ke3 f6 32. g4 Kd7 33. Nd3 Kc6 34.
Kd4 Nc7 35. Kc4 d5+ 36. exd5+ exd5+ 37. Kb4 b5 38. axb5+ axb5 39. Nc5 d4 40. Nd3
Na6+ 41. Ka3 Kd5 42. Kb2 Ke4 0-1

[Event "Olimpiade 2024 - Donne"]
[Site "Budapest"]
[Date "20.09.2024"]
[Round "9.43"]
[Board "1"]
[White "Ravelomanana, Sabine"]
[Black "Nassr, Lina"]
[Result "1-0"]
[WhiteTitle "WFM"]
[BlackTitle "WIM"]
[WhiteElo "1926"]
[BlackElo "2010"]
[WhiteTeam "Madagascar"]
[BlackTeam "Algeria"]
[WhiteFideId "13100394"]
[BlackFideId "7908075"]
[EventDate "2024.09.11"]

1. Nf3 e6 2. g3 Nf6 3. Bg2 d5 4. d3 c5 5. O-O Nc6 6. Nbd2 Be7 7. Re1 O-O 8. a4
a6 9. e4 dxe4 10. dxe4 Rb8 11. e5 Nd5 12. Nf1 b5 13. axb5 axb5 14. h4 Qc7 15.
N1h2 Rd8 16. Qe2 h6 17. Ng4 Bf8 18. h5 Nde7 19. Bxh6 gxh6 20. Nf6+ Kh8 21. Qe4
Nf5 22. g4 Ncd4 23. gxf5 exf5 24. Qf4 Rb6 25. Nxd4 Rxd4 26. Qg3 Bg7 27. Qxg7+
Kxg7 28. Ne8+ Kf8 29. Nxc7 Bb7 30. Na8 Rg4 31. Nxb6 Rxg2+ 32. Kf1 Rh2 33. Ke2
Rxh5 34. Ra7 Be4 35. Nd7+ Kg7 36. Rg1+ Rg5 37. Rxg5+ hxg5 38. c3 f4 39. Nf6 Bf5
40. Ra8 Be6 41. Rg8+ Kh6 42. f3 Bc4+ 43. Kf2 Bd3 44. Ng4+ Kh5 45. Rh8+ Kg6 46.
Rh6+ Kg7 47. Rd6 Bc4 48. Rc6 1-0

[Event "Olimpiade 2024 - Donne"]
[Site "Budapest"]
[Date "20.09.2024"]
[Round "9.43"]
[Board "2"]
[White "Latreche, Sabrina"]
[Black "Raharimanana, Faratiana"]
[Result "1-0"]
[WhiteTitle "WIM"]
[BlackTitle "WFM"]
[WhiteElo "2030"]
[BlackElo "1815"]
[WhiteTeam "Algeria"]
[BlackTeam "Madagascar"]
[WhiteFideId "7901798"]
[BlackFideId "13100378"]
[EventDate "2024.09.11"]

1. e4 e5 2. Nf3 Nc6 3. d4 exd4 4. Bc4 Be7 5. c3 Na5 6. Qxd4 Nxc4 7. Qxc4 d6 8.
O-O Nf6 9. Re1 O-O 10. Nbd2 c6 11. Qd3 Qc7 12. h3 h6 13. Qe2 Re8 14. Nf1 d5 15.
exd5 Bd6 16. Qd1 Rxe1 17. Qxe1 Nxd5 18. Qe8+ Kh7 19. Qe4+ Kg8 20. c4 Ne7 21. Nd4
Bd7 22. Be3 Re8 23. Qc2 a6 24. c5 Be5 25. Rd1 Nd5 26. Nf3 Bf6 27. Bc1 Be7 28. a3
Rd8 29. b4 a5 30. b5 b6 31. cxb6 Qxb6 32. bxc6 Qxc6 33. Qe4 Be6 34. Bb2 Qc8 35.
Rc1 Qb8 36. Rb1 Qc8 37. Rc1 Qb8 38. Be5 Qa8 39. Bb2 Qb8 40. Be5 Qa8 41. Qa4 Rc8
42. Rxc8+ Bxc8 43. Qe8+ Bf8 44. Bd4 Bb7 45. Qe5 Bc6 46. Bb2 Qe8 47. Qd4 Qe6 48.
Ng3 Ne7 49. Ne5 Be8 50. Qd8 f6 51. Qxe8 fxe5 52. Bc3 Qd5 53. Qb8 Nc6 54. Qa8 Qc5
55. Ne4 Qc4 56. f3 a4 57. Qe8 Qd5 58. Qg6 Kh8 59. Qe8 Kg8 60. Bd2 Qc4 61. Bxh6
gxh6 62. Qg6+ Bg7 63. Nf6+ 1-0

[Event "Olimpiade 2024 - Donne"]
[Site "Budapest"]
[Date "20.09.2024"]
[Round "9.43"]
[Board "3"]
[White "Randriatsiferana, Dimbiharentsoa Christiana"]
[Black "Abdi, Zineb Dina"]
[Result "1/2-1/2"]
[BlackTitle "WIM"]
[WhiteElo "1736"]
[BlackElo "1915"]
[WhiteTeam "Madagascar"]
[BlackTeam "Algeria"]
[WhiteFideId "13106961"]
[BlackFideId "7900880"]
[EventDate "2024.09.11"]

1. e4 e5 2. Nf3 d6 3. d4 Nd7 4. Nc3 c6 5. Be3 Be7 6. Be2 Ngf6 7. h3 Qc7 8. Qd2
b5 9. a3 a6 10. Bd3 exd4 11. Nxd4 Nc5 12. Nf3 Nxd3+ 13. cxd3 O-O 14. O-O Re8 15.
Ne2 Bf8 16. Rac1 Bd7 17. Ng3 Qd8 18. Nd4 c5 19. Ndf5 Bxf5 20. Nxf5 Rc8 21. Bg5
h6 22. Bf4 Qd7 23. g4 Qe6 24. Qe2 Kh7 25. Qf3 g6 26. Ne3 c4 27. dxc4 bxc4 28.
Bg3 Nxe4 29. Rfd1 Bg7 30. Rc2 Nxg3 31. Qxg3 Be5 32. Qf3 Red8 33. Qd5 Qxd5 34.
Rxd5 c3 35. bxc3 Bxc3 36. f4 Rc6 37. Kg2 Rdc8 38. Nd1 Bf6 39. Rcd2 Be7 40. Kf3
Rc5 41. Ne3 Rc3 42. R5d3 1/2-1/2

[Event "Olimpiade 2024 - Donne"]
[Site "Budapest"]
[Date "20.09.2024"]
[Round "9.43"]
[Board "4"]
[White "Nassr, Rania"]
[Black "Tsinjoviniavo, Aina Mahasambatra"]
[Result "1-0"]
[WhiteTitle "WFM"]
[WhiteElo "1866"]
[BlackElo "1662"]
[WhiteTeam "Algeria"]
[BlackTeam "Madagascar"]
[WhiteFideId "7901461"]
[BlackFideId "13105450"]
[EventDate "2024.09.11"]

1. d4 d5 2. c4 e6 3. Nf3 h6 4. g3 Nf6 5. Bg2 Be7 6. O-O O-O 7. Nc3 c6 8. Nd2
Nbd7 9. e4 dxe4 10. Ndxe4 Nxe4 11. Nxe4 e5 12. d5 cxd5 13. cxd5 Re8 14. Be3 a6
15. Rc1 f5 16. d6 Bf8 17. Nc5 Nxc5 18. Bxc5 e4 19. Qd4 b6 20. Ba3 Ra7 21. Rc6
Rb7 22. Rfc1 Be6 23. Rc7 Rxc7 24. Rxc7 b5 25. d7 Bxd7 26. Rxd7 Qg5 27. h4 Qg6
28. Bxf8 Kxf8 29. Qc5+ Kg8 30. Rd6 Qf7 31. Rxa6 Qc4 32. Qxc4+ bxc4 33. Rc6 Rb8
34. Rxc4 Rxb2 35. Ra4 Kf7 36. Bh3 g6 37. Ra6 Re2 38. Kf1 Rc2 39. h5 gxh5 40.
Bxf5 Rc1+ 41. Kg2 Rc5 42. Bxe4 1-0

[Event "Olimpiade 2024 - Donne"]
[Site "Budapest"]
[Date "20.09.2024"]
[Round "9.44"]
[Board "1"]
[White "Ptacnikova, Lenka"]
[Black "Chuemsakul, Sarocha"]
[Result "1-0"]
[WhiteTitle "WGM"]
[BlackTitle "WFM"]
[WhiteElo "2065"]
[BlackElo "1906"]
[WhiteTeam "Iceland"]
[BlackTeam "Thailand"]
[WhiteFideId "305650"]
[BlackFideId "6203710"]
[EventDate "2024.09.11"]

1. e4 e5 2. Nf3 Nc6 3. Bb5 a6 4. Bxc6 dxc6 5. Nc3 Bd6 6. d4 exd4 7. Qxd4 f6 8.
Be3 Ne7 9. h3 Be6 10. O-O-O c5 11. Qd2 b5 12. e5 fxe5 13. Ne4 Bd5 14. Nxd6+ cxd6
15. Bg5 Bxf3 16. gxf3 O-O 17. f4 h6 18. Bh4 Qc7 19. fxe5 dxe5 20. Bg3 Rad8 21.
Qe3 Nd5 22. Qe4 Nf4 23. h4 Rd4 24. Rxd4 cxd4 25. Kb1 b4 26. Re1 Rc8 27. Bxf4
exf4 28. Rd1 Qc4 29. b3 Qc5 30. Rxd4 Rf8 31. f3 a5 32. Qd5+ Qxd5 33. Rxd5 Re8
34. Rf5 Re1+ 35. Kb2 Rh1 36. Rxf4 Rh3 37. a3 Kh7 38. axb4 axb4 39. Rxb4 Rxf3 40.
Rd4 g5 1-0

[Event "Olimpiade 2024 - Donne"]
[Site "Budapest"]
[Date "20.09.2024"]
[Round "9.44"]
[Board "2"]
[White "Prommuang, Araya"]
[Black "Johannsdottir, Johanna Bjorg"]
[Result "1/2-1/2"]
[WhiteTitle "WCM"]
[WhiteElo "1753"]
[BlackElo "2013"]
[WhiteTeam "Thailand"]
[BlackTeam "Iceland"]
[WhiteFideId "6204996"]
[BlackFideId "2303108"]
[EventDate "2024.09.11"]

1. e4 c5 2. Nf3 Nc6 3. d4 cxd4 4. Nxd4 e5 5. Nf3 Nf6 6. Nc3 Bb4 7. Bc4 O-O 8.
O-O Bxc3 9. bxc3 Nxe4 10. Re1 d5 11. Qxd5 Nd6 12. Bb3 e4 13. Bg5 Qd7 14. Bf4
exf3 15. Bxd6 Rd8 16. Qxf3 Qf5 17. Bc7 Rf8 18. Bd6 Rd8 19. Bc7 Rf8 20. Bd6 Rd8
21. Bc7 Rf8 22. Bd6 Rd8 1/2-1/2

[Event "Olimpiade 2024 - Donne"]
[Site "Budapest"]
[Date "20.09.2024"]
[Round "9.44"]
[Board "3"]
[White "Thorsteinsdottir, Hallgerdur"]
[Black "Khantree, Napat"]
[Result "1-0"]
[WhiteTitle "WFM"]
[WhiteElo "1938"]
[BlackElo "1711"]
[WhiteTeam "Iceland"]
[BlackTeam "Thailand"]
[WhiteFideId "2302454"]
[BlackFideId "6209289"]
[EventDate "2024.09.11"]

1. e4 e5 2. Nf3 Nc6 3. Bc4 Bc5 4. c3 Nf6 5. d3 h6 6. a4 a5 7. Nbd2 d6 8. Bb3 O-O
9. O-O Be6 10. Nc4 Qd7 11. Be3 Ba7 12. Qe2 Rfe8 13. Rad1 Ng4 14. Bxa7 Rxa7 15.
d4 exd4 16. Nxd4 Nxd4 17. Rxd4 Qe7 18. Bc2 Bd7 19. f3 Nf6 20. Qd3 b5 21. axb5
Bxb5 22. Rd1 Raa8 23. f4 Bxc4 24. Rxc4 Rac8 25. Ra1 g6 26. Ba4 Red8 27. Bc6 Rb8
28. b4 axb4 29. cxb4 Nd7 30. Rd4 Rb6 31. b5 Nc5 32. Qc4 Ne6 33. Rd3 Nxf4 34. Rf3
Ne6 35. Raf1 Rf8 36. Bd5 Nd8 37. Rh3 Kg7 38. Qc3+ Qe5 39. Qxc7 Rxb5 40. Rhf3 Qe8
41. Qxd6 Ra5 42. Qf6+ Kh7 43. Rg3 Rg8 44. Rb3 Ne6 45. Qxf7+ Qxf7 46. Rxf7+ Ng7
47. Rbb7 Kh8 48. h3 Raa8 49. Rfc7 1-0

[Event "Olimpiade 2024 - Donne"]
[Site "Budapest"]
[Date "20.09.2024"]
[Round "9.44"]
[Board "4"]
[White "Tawankanjana, Sasinat"]
[Black "Helgadottir, Idunn"]
[Result "0-1"]
[WhiteElo "1612"]
[BlackElo "1837"]
[WhiteTeam "Thailand"]
[BlackTeam "Iceland"]
[WhiteFideId "6208894"]
[BlackFideId "2314118"]
[EventDate "2024.09.11"]

1. e4 c5 2. Nf3 e6 3. d4 cxd4 4. Nxd4 Nc6 5. Nc3 Qc7 6. Nb3 a6 7. Bd3 Nf6 8. O-O
Be7 9. f4 d6 10. Qf3 O-O 11. Bd2 b5 12. a3 Bb7 13. Rae1 b4 14. axb4 Nxb4 15. Be3
d5 16. Nd4 dxe4 17. Nxe4 Nxd3 18. cxd3 Nd5 19. Bd2 Qb6 20. Bc3 f5 21. Qe2 fxe4
22. dxe4 Nxf4 23. Qe3 e5 24. Kh1 exd4 25. Bxd4 Qb4 26. Bc3 Qd6 27. Rd1 Qh6 28.
Bd2 Qg6 29. Rxf4 Rxf4 30. Qxf4 Bxe4 31. Qf2 Bc5 32. Qe2 Rd8 33. Re1 Bxg2+ 34.
Qxg2 Qxg2+ 35. Kxg2 Rxd2+ 36. Kh3 Rxb2 37. Ra1 Bd6 38. Rxa6 Rxh2+ 39. Kg4 h5+
40. Kf3 Be7 41. Ra1 h4 42. Rg1 g5 43. Kg4 Kg7 44. Re1 Kf6 45. Rf1+ Kg6 46. Re1
Bf6 47. Rf1 Rg2+ 48. Kh3 Rg3+ 49. Kh2 Be5 50. Kh1 Re3 51. Rf2 Rh3+ 52. Kg1 Bd4 0-1

[Event "Olimpiade 2024 - Donne"]
[Site "Budapest"]
[Date "20.09.2024"]
[Round "9.45"]
[Board "1"]
[White "Paulo, Jemima"]
[Black "Wilson, Hannah"]
[Result "1/2-1/2"]
[WhiteTitle "WFM"]
[BlackTitle "WCM"]
[WhiteElo "2037"]
[BlackElo "1888"]
[WhiteTeam "Angola"]
[BlackTeam "Barbados"]
[WhiteFideId "10110836"]
[BlackFideId "11104600"]
[EventDate "2024.09.11"]

1. d4 d5 2. c4 c6 3. Nf3 Nf6 4. Nc3 e6 5. Bg5 Nbd7 6. e3 Be7 7. Be2 h6 8. Bxf6
Nxf6 9. O-O O-O 10. Qc2 dxc4 11. a4 c5 12. Rfd1 Qa5 13. Bxc4 cxd4 14. Nxd4 Bd7
15. Ne4 Rac8 16. b3 Nd5 17. Qe2 f5 18. Ng3 Nc3 19. Qd2 Rcd8 20. Rdc1 Bb4 21. Qc2
Nd5 22. e4 fxe4 23. Qxe4 Rde8 24. Rc2 Rf4 25. Qd3 Bc3 26. Rxc3 Qxc3 27. Rd1 Qxd3
28. Rxd3 Nb6 29. Bb5 Bxb5 30. Nxb5 a6 31. Nc3 Nd5 32. Nge2 Rb4 33. Nd1 Nf4 34.
Nxf4 Rxf4 35. g3 Rb4 36. f4 Rc8 37. Kg2 Rc1 38. Ne3 Rb1 39. Ng4 R1xb3 40. Rd8+
Kh7 41. Rd7 Rxa4 42. Nf6+ Kg6 43. Ne8 Ra2+ 44. Kh3 Rbb2 45. Rxg7+ Kf5 46. Nd6+
Kf6 47. Ne8+ Kf5 48. Nd6+ Kf6 49. Ne8+ 1/2-1/2

[Event "Olimpiade 2024 - Donne"]
[Site "Budapest"]
[Date "20.09.2024"]
[Round "9.45"]
[Board "2"]
[White "Blackman, Katrina"]
[Black "Caxita, Esperanca"]
[Result "0-1"]
[WhiteTitle "WCM"]
[BlackTitle "WIM"]
[WhiteElo "1814"]
[BlackElo "1932"]
[WhiteTeam "Barbados"]
[BlackTeam "Angola"]
[WhiteFideId "11100540"]
[BlackFideId "10100903"]
[EventDate "2024.09.11"]

1. e3 e5 2. d4 exd4 3. exd4 d5 4. Bd3 Nf6 5. Nf3 c5 6. O-O Be7 7. dxc5 Nc6 8.
Re1 O-O 9. Nc3 Bxc5 10. Bg5 Be6 11. Qd2 d4 12. Bxf6 Qxf6 13. Ne4 Qe7 14. Nxc5
Qxc5 15. a3 a5 16. Rad1 Rfd8 17. Ng5 Bf5 18. Qf4 Rd5 19. g4 h6 20. gxf5 hxg5 21.
Qxg5 Ne5 22. Be4 Rd7 23. Qg3 f6 24. Kh1 a4 25. Rg1 Nc4 26. Qg6 Qe7 27. Rde1 Qf7
28. Qg2 Rc8 29. Rd1 Kf8 30. Rd3 Re8 31. Rh3 Ne5 32. f4 Nc4 33. Bd3 Ne3 34. Qf3
Ke7 35. Bb5 Kd8 36. Bxd7 Qxd7 37. Re1 Kc7 38. Rg3 Nxf5 39. Rgg1 Nh4 40. Rxg7
Rxe1+ 0-1